U.S. State Capitals' Populations - Statistics

General Stats
  • This quiz has been taken 33 times
  • The average score is 14 of 17
Answer Stats
Answer % Correct
Atlanta
97%
Indianapolis
97%
Phoenix
97%
Boston
90%
Columbus
90%
Denver
90%
Boise
86%
Honolulu
86%
Jackson
83%
Nashville
83%
Oklahoma City
83%
Des Moines
79%
Providence
79%
Salt Lake City
79%
Cheyenne
69%
Little Rock
69%
Charleston
59%
No matching quizzes found
Score Distribution
Percent of People with Each Score
Percentile by Number Answered
Your Score History
You have not taken this quiz